Capitaines célèbres dans l'Histoire - Statistiques

Statistiques générales
  • Ce quiz a été pris 31 fois
    3 depuis la dernière actualisation
  • Le résultat moyen est 8 sur 15
Statistiques - réponses
Question Réponse % Correct
Qui était le capitaine du célèbre navire "Titanic" lors de son voyage fatal en 1912 ? Edward Smith
100%
Qui est le capitaine légendaire de pirate connu sous le nom de "Blackbeard" ? Edward Teach
100%
Quel capitaine russe est célèbre pour sa première exploration maritime du Pacifique Nord et la découverte de l'Alaska ? Vitus Bering
100%
Quel capitaine est associé à la piraterie dans les Caraïbes au XVIIe siècle ? Edward Teach
67%
Quel capitaine est connu pour avoir navigué autour du monde au XVIIIe siècle avec le navire Endeavour ? James Cook
67%
Quel capitaine français a mené plusieurs expéditions d'exploration en Australie au début du XIXe siècle ? Louis Antoine de Bougainville
67%
Quel capitaine espagnol est considéré comme l'un des plus grands explorateurs du Nouveau Monde au XVIe siècle ? Hernán Cortés
33%
Quel capitaine britannique a mené la flotte pendant la bataille de Trafalgar en 1805 ? Horatio Nelson
33%
Quel capitaine américain a commandé l'USS Constitution durant la guerre de 1812 ? Isaac Hull
33%
Quel capitaine français est connu pour ses expéditions scientifiques en Antarctique ? Jean-Baptiste Charcot
33%
Qui était le capitaine du vaisseau français L'Hermione, qui a transporté Lafayette aux États-Unis pendant la guerre d'indépendance ? Jean-Bernard-Vincent de La Borde
33%
Quel capitaine viking est célèbre pour ses explorations en Amérique du Nord ? Leif Erikson
33%
Quel explorateur polaire a été le premier à atteindre le pôle Sud ? Roald Amundsen
33%
Quel navigateur portugais a ouvert la route maritime vers l’Inde ? Vasco de Gama
33%
Quel capitaine a été le premier Européen à atteindre les côtes du Pacifique en traversant l'isthme de Panama ? Vasco Núñez de Balboa
33%
Aucun quiz correspondant
Distribution des résultats
% des personnes avec chaque résultat
Percentile par nombre de réponses
Votre historique - résultats
Vous n’avez pas pris ce quiz depuis la dernière actualisation